Microfoundations of financial economics: an introduction to general equilibrium asset pricing

Αποθηκεύτηκε σε:
Λεπτομέρειες βιβλιογραφικής εγγραφής
Κύριος συγγραφέας: Lengwiler, Yvan (Συγγραφέας)
Μορφή: Βιβλίο
Γλώσσα:Αγγλικά
Έκδοση: Princeton Princeton University 2004
Έκδοση:1a. ed
Σειρά:Princeton Series in Finance
Θέματα:
Ετικέτες: Προσθήκη ετικέτας
Δεν υπάρχουν, Καταχωρήστε ετικέτα πρώτοι!

MARC

LEADER 00000nam a2200000 a 4500
001 UCJ9041
003 CL-VaPUC
008 070302e20040000us |||||||||||||||||eng|d
020 |a 0691113157 
082 0 4 |a 332.01  |b LEN  |2 21 
100 0 |a Lengwiler, Yvan  |e author  |9 518937 
245 1 0 |a Microfoundations of financial economics: an introduction to general equilibrium asset pricing 
250 |a 1a. ed 
300 |a 287 p 
942 |c BK 
945 |d 20070302 00:00:00  |a cmena 
260 |a Princeton  |b Princeton University  |c 2004 
650 0 |a Microeconomía  |9 258126 
650 7 |a TEORIA DE PRECIOS  |2 CL-VaPUC  |9 383113 
650 0 |a Modelos económicos  |9 324997 
650 0 |a Planificación estratégica   |9 259735 
650 0 |a Finanzas  |9 260832 
583 |a last modification  |c 20171205 02:06:13  |k Rodrigo Vera 
490 0 |a Princeton Series in Finance 
999 |c 324680  |d 324678 
952 |0 0  |1 0  |4 0  |6 332_010000000000000_LEN_2004  |7 0  |8 A  |9 404972  |a BIBGIM  |b BIBGIM  |d 2019-11-22  |i 4315324  |o 332.01 LEN 2004  |p 4315324  |r 2025-01-15  |w 2019-11-22  |y BK  |k COM